| 000 | 01250nam0a2200289 4500 | ||
|---|---|---|---|
| 001 | RU\NLR\bibl\1148264 | ||
| 005 | 20250615075459.0 | ||
| 010 |
_a978-5-358-03441-9 _910000 |
||
| 021 |
_aRU _b2007-66172 _93541 |
||
| 035 | _a(NLR Aleph) 001135077 | ||
| 090 |
_a1382196 _c1382196 |
||
| 100 | _a20071031d2007 |||y0rusy50 ca | ||
| 101 | 0 | _arus | |
| 102 | _aRU | ||
| 105 | _aa ||||||||| | ||
| 200 | 1 |
_aЛитература _e10 класс _eхрестоматия для общеобразовательных учреждений _f[авт.-сост.: Демидова Нина Алексеевна и др. _gпод ред. Т.Ф. Курдюмовой |
|
| 210 |
_aМосква _cДрофа _d2007 |
||
| 215 |
_a512 с. _cил. _d22 |
||
| 606 | 1 |
_aРусская литература _jХрестоматии для средней школы _91032583 _3RU\NLR\auth\6678541 |
|
| 686 | _aШ5(2=Р)я721-3 | ||
| 702 | 1 |
_aДемидова _bН. А. _gНина Алексеевна _4220 |
|
| 702 | 1 |
_4220 _aКурдюмова _bТ. Ф. _f1920- _gТамара Федоровна _9138889 _3RU\NLR\AUTH\770138924 |
|
| 801 | 0 |
_aRU _bNLR _c20071031 _gRCR |
|
| 801 | 1 |
_aRU _bNLR _c20071031 |
|
| 942 | _cBOOK | ||
| 980 | _aNB | ||